000 00456nam a2200193Ia 4500
003 OSt
005 20260415110824.0
008 250729s2010 xx 000 0 und d
020 _a9781544355948
040 _cAL
041 _aeng
082 _a370.25 YADA
100 _aDr.S.A.Yadawada
_9230895
245 _aAction research
260 _aGadaga
_bVidyanidhi Prakashana
_c2010
300 _a308p
650 _aEducation
_9230896
942 _2ddc
_cBED
999 _c239010
_d239010